banner koha

Controle quimico de ervas daninhas na cultura da mandioca calculo de dosagem de Karnex-Dw e Lorox [Manihot esculenta, herbicida] (Registro n. 304622)

MARC details
000 -LÍDER
campo de controle de tamanho fixo 01272naa a22003617a 4500
001 - NÚMERO DE CONTROLE
campo de controle BR7200794
003 - IDENTIFICADOR DO NÚMERO DE CONTROLE
campo de controle BR-BrBNA
005 - DATA E HORÁRIO DA ÚLTIMA TRANSAÇÃO
campo de controle 20240918173435.0
007 - CAMPO FIXO DE DESCRIÇÃO FÍSICA--INFORMAÇÃO GERAL
campo de controle de tamanho fixo ta
008 - CAMPO DE DADOS FIXOS--INFORMAÇÃO GERAL
campo de controle de tamanho fixo 230509b bl.||||| |||| 00| 0 por d
040 ## - FONTE DA CATALOGAÇÃO
Instituição da catalogação original BR-BrBNA
Idioma da catalogação por
Instituição que transcreveu o registro Biblioteca Nacional de Agricultura
041 ## - CÓDIGO DE IDIOMA
Código do idioma do texto/trilha sonora ou título diferente (Pt)
072 ## - CÓDIGO DE CATEGORIA DE ASSUNTO
Código de Categoria de Assunto H60
Código do objeto 1540
-- 3876
090 ## - NÚMERO DE CHAMADA LOCAL
Número de chamada H60 BR7200794
100 1# - ENTRADA PRINCIPAL--NOME PESSOAL
Nome pessoal Coelho, J.P.
100 1# - ENTRADA PRINCIPAL--NOME PESSOAL
Nome pessoal Correa, H.
100 1# - ENTRADA PRINCIPAL--NOME PESSOAL
Nome pessoal Verdolini, H.
100 1# - ENTRADA PRINCIPAL--NOME PESSOAL
Nome pessoal Weikert, M.J.
100 1# - ENTRADA PRINCIPAL--NOME PESSOAL
Nome pessoal Echeverria, L.C.R.
100 1# - ENTRADA PRINCIPAL--NOME PESSOAL
Nome pessoal Teixeira, A.M.
111 1# - ENTRADA PRINCIPAL--NOME DO EVENTO
Nome do evento ou lugar 6. Reuniao da Comissao Nacional da Mandioca
Local do evento Recife, PE (Brazil)
Data do evento ou assinatura do tratado 1972
245 1# - TÍTULO
Título Controle quimico de ervas daninhas na cultura da mandioca calculo de dosagem de Karnex-Dw e Lorox [Manihot esculenta, herbicida]
260 3# - PUBLICAÇÃO, DISTRIBUIÇÃO, ETC.
Local de publicação, distribuição, etc. Brasilia, DF (Brasil):
Data da publicação, distribuição, etc. 1972.
500 ## - NOTA GERAL
Nota geral Anais da 6. Reuniao da Comissao Nacional da Mandioca<br/>Brasilia, DF (Brasil): 1972. p. 9-15<br/>(BR7200794-AM)H60<br/>
650 ## - ASSUNTO--TERMO TÓPICO
Cabeçalho tópico ou nome geográfico MANDIOCA
650 ## - ASSUNTO--TERMO TÓPICO
Cabeçalho tópico ou nome geográfico ERVA DANINHA
650 ## - ASSUNTO--TERMO TÓPICO
Cabeçalho tópico ou nome geográfico HERBICIDA
650 ## - ASSUNTO--TERMO TÓPICO
Cabeçalho tópico ou nome geográfico CONTROLE QUIMICO
650 ## - ASSUNTO--TERMO TÓPICO
Cabeçalho tópico ou nome geográfico ANALISE QUANTITATIVA
773 0# - ENTRADA ANALÍTICA
Título Anais da 6. Reuniao da Comissao Nacional da Mandioca
Número de controle do registro H60 BR7200794
Partes relacionadas Brasilia, DF (Brasil), 1972. p. 9-15
909 ## -
-- 202404
-- Lucia
-- 55
-- Lucia Elande
942 ## - ELEMENTOS DE ENTRADA ADICIONADOS (KOHA)
Tipo de material Koha Capítulo-Livro
Fonte da classificação ou esquema de arquivamento na estante Classificação AGRIS
Exemplares
Situação do descarte Fonte da classificação ou esquema de arquivamento na estante Situação física Não pode ser emprestado Coleção Biblioteca de origem Biblioteca atual Localização na estante Total de empréstimos Número de telefone completo Data de último acesso Número do exemplar Tipo de material Koha Situação das perdas Data de aquisição Fonte de aquisição
  Classificação AGRIS       Biblioteca Nacional de Agricultura - Binagri Biblioteca Nacional de Agricultura - Binagri Agrobase - Acervo Geral   1540 BR7200793 20/05/2024 01 Capítulo-Livro   2024-04-11 Portaria Interministerial nº 164/94

BINAGRI

Telefone: (61)3218-2567/2388/3357/2097 - binagri@agro.gov.br

Ministério da Agricultura e Pecuária , Esplanada dos Ministérios, Bloco D, Anexo B, Brasília/DF, CEP: 70.043-900